SIMS ' SYMPTOMS IN THE MIND TB. OF DISCREPTIVE PSYCHOPATHOLOGY (Record no. 26860)

MARC details
000 -LEADER
fixed length control field 00383nam a22001577a 4500
003 - CONTROL NUMBER IDENTIFIER
control field SGT
020 ## - INTERNATIONAL STANDARD BOOK NUMBER
International Standard Book Number 9780702085253
082 ## - DEWEY DECIMAL CLASSIFICATION NUMBER
Classification number 616.89
Item number S23O
100 ## - MAIN ENTRY--PERSONAL NAME
Personal name OYEBODE, FEMI
245 ## - TITLE STATEMENT
Title SIMS ' SYMPTOMS IN THE MIND TB. OF DISCREPTIVE PSYCHOPATHOLOGY
250 ## - EDITION STATEMENT
Edition statement 7TH
260 ## - PUBLICATION, DISTRIBUTION, ETC. (IMPRINT)
Place of publication, distribution, etc INDIA
Name of publisher, distributor, etc ELSEVIER PUB
Year of Publication 2023
300 ## - PAGE DESCRIPTION
No. of Pages 369
650 ## - SUBJECT ADDED ENTRY--TOPICAL TERM
Topical term or geographic name as entry element CLINICAL PSYCHOLOGY
942 ## - ADDED ENTRY ELEMENTS (KOHA)
Source of classification or shelving scheme Dewey Decimal Classification
Koha item type Books
Holdings
Withdrawn status Lost status Source of classification or shelving scheme Damaged status Not for loan Collection code Home library Current library Shelving location Date acquired Vendor Name Cost, normal purchase price Volume Information (Serial or Books or Non-Book Material) SGTU Bill Number Full call number Accession No. (Barcode) Date last seen Bill Date Koha item type Total Checkouts Date last borrowed
    Dewey Decimal Classification   Not For Loan MEDICAL SGT Medical Library SGT Medical Library Reference Book 30/08/2024 SAVERA BOOK DISTRIBUTORS 3949.00 $-66.99 SGTU 24-24/CRB/186 616.89 S23O FM14494 30/08/2024 25/06/2024 Books    
    Dewey Decimal Classification   Not For Loan MEDICAL SGT Medical Library SGT Medical Library Reference Book 30/08/2024 SAVERA BOOK DISTRIBUTORS 3949.00 $-66.99 SGTU 24-24/CRB/186 616.89 S23O FM14495 04/08/2025 25/06/2024 Books 1 12/07/2025